The preliminary discourse to the Koran / (Record no. 26244)
[ view plain ]
| 000 -LEADER | |
|---|---|
| fixed length control field | 01270nam a2200265 a 4500 |
| 001 - CONTROL NUMBER | |
| control field | 26244 |
| 003 - CONTROL NUMBER IDENTIFIER | |
| rucl marc code | BD-RjUL |
| 005 - DATE AND TIME OF LATEST TRANSACTION | |
| control field | 20211209051005.0 |
| 008 - FIXED-LENGTH DATA ELEMENTS--GENERAL INFORMATION | |
| fixed length control field | 850530s1921 enkaf b 001 0 eng d |
| 035 ## - SYSTEM CONTROL NUMBER | |
| System control number | (BD-RjUL)26314 |
| 040 ## - CATALOGING SOURCE | |
| Original cataloging agency | EXN |
| Transcribing agency | EXN |
| Modifying agency | OCL |
| -- | BD-RjUL |
| Language of cataloging | eng |
| 041 ## - LANGUAGE CODE | |
| Language code of text/sound track or separate title | eng |
| 082 ## - DEWEY DECIMAL CLASSIFICATION NUMBER | |
| Edition number | 23 |
| Classification number | 297.122 |
| Author mark and year | SAP 1921 |
| 100 1# - MAIN ENTRY--PERSONAL NAME | |
| Personal name | Sale, George, |
| Dates associated with a name | 1697?-1736. |
| 9 (RLIN) | 223602 |
| 245 14 - TITLE STATEMENT | |
| Title | The preliminary discourse to the Koran / |
| Statement of responsibility, etc. | by George Sale ; with an introduction by sir Edward Denison Ross |
| 260 ## - PUBLICATION, DISTRIBUTION, ETC. (IMPRINT) | |
| Place of publication, distribution, etc. | London : |
| Name of publisher, distributor, etc. | F. Warne, |
| Date of publication, distribution, etc. | [1921]. |
| 300 ## - PHYSICAL DESCRIPTION | |
| Pagination | xiii, 208 p., [8] leaves of plates : |
| Illustrations | ill. ; |
| Size | 22 cm. |
| 500 ## - GENERAL NOTE | |
| General note | "Imprint date from English Catalogue of Books." |
| 504 ## - BIBLIOGRAPHY, ETC. NOTE | |
| Bibliography, etc | Includes Bibliographical footnotes and index |
| 505 0# - FORMATTED CONTENTS NOTE | |
| Formatted contents note | List of illustrations to Preliminary discourse: Mecca, pilgrims praying before the Caaba -- Damascus, the Bride Minaret -- Cairo, the Mosque of Sultan Barkuk -- Jerusalem, the Mosque El-Aksa -- Jerusalem, the Mosque of Omar -- Constantinople, the Mosque of St. Sophia -- Constantinople, Mosque of St. Sophia (Interior) -- Delhi, the Great Mosque. |
| 650 #0 - SUBJECT ADDED ENTRY--TOPICAL TERM | |
| Topical term or geographic name as entry element | Islam. |
| 9 (RLIN) | 223603 |
| General subdivision | Study and teaching |
| Topical term or geographic name as entry element | Qur'an |
| General subdivision | Introductions. |
| 9 (RLIN) | 223606 |
| 700 ## - ADDED ENTRY--PERSONAL NAME | |
| Personal name | Ross, Edward Denison, introducer |
| 942 ## - ADDED ENTRY ELEMENTS (KOHA) | |
| Source of classification or shelving scheme | Dewey Decimal Classification |
| Koha item type | Rare Books |
| Lost status | Source of classification or shelving scheme | Damaged status | Not for loan | Collection code | Permanent Location | Current Location | Shelving location | Date acquired | Total Checkouts | Full call number | Date last seen | Copy number | Koha item type |
|---|---|---|---|---|---|---|---|---|---|---|---|---|---|
| Dewey Decimal Classification | Not For Loan | Rare Books | Central Library, University of Rajshahi | Central Library, University of Rajshahi | Rare Book Section | 11/10/2018 | RA 297.122 SAP 1921 | 11/10/2018 | C-1 | Rare Books |